Missale romanum ex decreto sacrosancti concilii tridentini restitutum, sancti pii papae quinti ; jussu editum, summorum pontificum Clementis octavi et urbani Itidem octavi, Auctoritate recognitum, et novis Missis ex indulto Apostolico hucusque consesiis auctum (Registro nro. 85856)

Detalles MARC
000 -ENCABEZADO
Número de control [NR] 00869nam a22001937a 4500
005 - FECHA Y HORA DE LA ÚLTIMA TRANSACCIÓN
control field 20260310075702.0
008 - DE LONGITUD FIJA DE DATOS DE ELEMENTOS - INFORMACIÓN GENERAL
Elementos de longitud fija [NR] 130821s1786 sp fr lat
040 ## - FUENTE DE CATALOGACION [NR]
Agencia de catalogación original [NR] Co-BoUCM
Idioma de catalogación [NR] spa
Quien Cataloga Sandra Yazo (modificó)
Quien Clasifica Sandra Yazo (modificó)
041 00 - CODIGO DE IDIOMA [R]
Código de idioma para texto/pista de sonido o título separado [R] Francés
082 ## - NUMERO DE CLASIFICACION DECIMAL DEWEY [R]
Número de clasificación [R] FCS 264
Número del ítem [NR] I45
Número de la edición [NR] 1786
110 ## - ASIENTO PRINCIPAL--NOMBRE CORPORATIVO [NR]
Nombre corporativo o de jurisdicción como elemento de entrada [NR] Iglesia Católica
ID de autoridad 3579
245 00 - MENCION DE TITULO [NR]
Título [NR] Missale romanum ex decreto sacrosancti concilii tridentini restitutum, sancti pii papae quinti ; jussu editum, summorum pontificum Clementis octavi et urbani Itidem octavi, Auctoritate recognitum, et novis Missis ex indulto Apostolico hucusque consesiis auctum
Mención de responsabilidad, etc. [NR] Iglesia Católica
260 ## - PUBLICACION, DISTRIBUCION, ETC. (PIE DE IMPRENTA) [R]
Lugar de publicación, distribución, etc. [R] Madrid (España)
Nombre del editor, distribuidor, etc. [R] Typis Petri Marín
Fecha de publicación, distribución, etc. [R] 1786
300 ## - DESCRIPCION FISICA [R]
Extensión [R] 626 páginas
500 ## - NOTA GENERAL [R]
Nota general [NR] Incluye suplemento
650 04 - ASIENTO SECUNDARIO DE MATERIA - TERMINO TEMATICO [R]
Término temático o nombre geográfico como elemento de entrada [NR] Liturgia
9 (RLIN) 18768
650 04 - ASIENTO SECUNDARIO DE MATERIA - TERMINO TEMATICO [R]
Término temático o nombre geográfico como elemento de entrada [NR] Oficio divino
9 (RLIN) 20713
942 ## - ELEMENTOS DE ENTRADA AGREGADOS (KOHA)
Tipo de ítem principal el descrito en 300a Libro
Tema principal 4
Edición 1
Parte restante de la signatura top. I45
Título oculto en OPAC No
Sistema de clasificación DEWEY
Clasificación 264
Existencias
Suprimido Perdido Sistema de clasificación Dañado No prestable Tipo de ítem específico Ubicación habitual Ubicación actual Localización Fecha de creación Forma de adquisición Costo Volúmen / Fascículo Signatura topográfica Código de barras Última vez visto Ejemplar Price effective from Tipo de ítem
    DEWEY     Fondos especiales Archivo Histórico Archivo Histórico Archivo histórico 28/02/2003 Donación 1000.00 1786 FCS 264 I45 120001335 09/07/2012 Ej.1 03/02/2013 Libro